| 000 | 02163cam a22005297a 4500 | ||
|---|---|---|---|
| 001 | 000094712 | ||
| 003 | CHAP | ||
| 005 | 20220329143040.0 | ||
| 008 | 051020d2005 mx bd r 00110 spa d | ||
| 010 | _a91178 | ||
| 011 | _a92150 | ||
| 035 | _a102713 | ||
| 040 | _cCHAP | ||
| 090 | _aTesis | ||
| 100 | 0 | 0 |
_aRomán Domínguez, Guillermo. _999738 |
| 245 | 1 | 0 |
_aEfectos de la composición de la parvada, rendimientos fisicos y precios reales en la productividad monetaria por ave en el sector productor de huevo en el municipio de Torreón, Coahuila. 1990 - 2002. / _c/por Guillermo Román Domínguez. |
| 260 |
_aChapingo, Méx. : _bEl autor, _c2005. |
||
| 300 |
_a58 h. : _bgráfs. ; mapas ; cuadros. |
||
| 502 | _aTesis (Ing. Agr. Esp. en Zonas Áridas) -- UACH. Unidad Regional Universitaria de Zonas Áridas | ||
| 590 |
_aALEPH _b10 _c20130110 _lUCH01 _h1507 |
||
| 590 |
_aBATCH-UPD _b10 _c20130110 _lUCH01 _h0035 |
||
| 590 |
_aBATCH-UPD _b10 _c20130110 _lUCH01 _h0644 |
||
| 590 |
_aBATCH-UPD _b10 _c20130410 _lUCH01 _h0328 |
||
| 590 |
_aBATCH-UPD _b10 _c20130914 _lUCH01 _h0451 |
||
| 590 |
_aBATCH-UPD _b10 _c20140324 _lUCH01 _h1452 |
||
| 590 |
_aBATCH-UPD _b10 _c20141002 _lUCH01 _h0827 |
||
| 590 |
_aCONVERSION _b10 _c20130109 _lUCH01 _h1350 |
||
| 590 |
_aE12093SGE _b10 _c20130612 _lUCH01 _h0918 |
||
| 650 | 0 | 4 |
_aHuevos _xProducción. _956759 |
| 650 | 0 | 4 |
_aHuevos _xProducción. _956759 |
| 650 | 1 | 4 |
_aAves de corral _xComarca Lagunera. _98640 |
| 650 | 1 | 4 |
_aAves de corral _xCostos de producción. _98641 |
| 650 | 1 | 4 |
_aAves de corral _xPrecios. _98676 |
| 650 | 1 | 4 |
_aAves de corral _xProducción. _98677 |
| 650 | 1 | 4 |
_aAvicultura _xAspectos económicos. _98707 |
| 650 | 1 | 4 |
_aHuevos _xAspectos económicos. _956740 |
| 650 | 1 | 4 |
_aHuevos _xCostos de producción. _956746 |
| 650 | 1 | 4 |
_aHuevos _xPrecios. _956757 |
| 650 | 1 | 4 |
_aHuevos _xProducción. _956759 |
| 856 |
_3Finding aid _uhttp://10.13.5.2/tesis/102713.pdf _zTeclea aquí |
||
| 901 | _aBK | ||
| 905 | _aMarco A. Mnedoza T. | ||
| 942 | _cCD | ||
| 942 | _n0 | ||
| 949 |
_aTesis _bBC _cTES _d1027131 _eTS1 _gDonaciØn _h44215 _i102713 _sb |
||
| 949 |
_aTesis _bBC _cTES _d33724000965414 _eTS2 _fc.2 _gDonaciØn _h44216 _i102713 _sb |
||
| 999 |
_c91178 _d91178 |
||